| 000 | 00804cam a2200301 4500 | ||
|---|---|---|---|
| 001 | ABS68223 | ||
| 008 | 040928n2004 000 0 eng u | ||
| 035 | _a(Sirsi) u127546 | ||
| 245 | _aFocus update: Scotland | ||
| 260 | _c2004 | ||
| 490 |
_aEstates Gazette _v(0439) 25 September 2004, 93-105(7) |
||
| 590 | _aABS | ||
| 590 | _aABS | ||
| 650 | _aSCOTLAND | ||
| 650 | _aEDINBURGH | ||
| 650 | _aPROPERTY-COMMERCIAL PROPERTY-RETAIL PROPERTY-RETAIL PROPERTY MARKET | ||
| 650 | _aOFFICE MARKET | ||
| 650 | _aINDUSTRIAL MARKET | ||
| 650 | _aGLASGOW | ||
| 650 | _aABERDEEN | ||
| 650 | _aRETAIL RENTS | ||
| 650 | _aOFFICE DEVELOPMENT | ||
| 650 | _aRESIDENTIAL MARKET | ||
| 650 | _aINDUSTRIAL USE | ||
| 650 | _aINDUSTRIAL RENTS | ||
| 690 | _aCOMMERCIAL PROPERTY-MARKET | ||
| 942 | _n0 | ||
| 999 |
_c118074 _d118074 |
||